[Event "Cattolica op-B 8th"]
[Site "Cattolica"]
[Date "2021.06.01"]
[Round "6"]
[White "Dallaglio, Giovanni"]
[Black "Catena, Marco"]
[Result "0-1"]
[WhiteElo "1741"]
[BlackElo "1868"]
[PlyCount "112"]
[EventDate "2021.05.27"]
[EventType "swiss"]
[EventRounds "7"]
[EventCountry "ITA"]
[SourceTitle "CBM 203 Extra"]
[Source "ChessBase"]
[SourceDate "2021.09.30"]
[SourceVersion "1"]
[SourceVersionDate "2021.09.30"]
[SourceQuality "1"]

1. d4 d5 2. Nf3 Nf6 3. c4 c6 4. g3 e6 5. Bg2 Be7 6. 0-0 0-0 7. Nbd2 Nbd7 8. Qc2 Re8 9. b3 Nf8 10. Bb2 Bd6 11. Rfd1 Ng6 12. e4 dxe4 13. Nxe4 Nxe4 14. Qxe4 f5 15. Qe2 Qe7 16. Rd3 b6 17. Rad1 Bb7 18. Ne5 Rac8 19. f4 Bxe5 20. fxe5 Red8 21. h4 Qf7 22. Ba3 Qc7 23. Bd6 Qd7 24. Bf3 Nh8 25. Qg2 Nf7 26. c5 g5 27. Bh5 g4 28. Bxf7+ Qxf7 29. a4 b5 30. Qd2 a6 31. Ra1 Ra8 32. Rc3 b4 33. Re3 a5 34. Rc1 Rdc8 35. Rc2 Qd7 36. Re1 Qf7 37. Rec1 Ra6 38. Qe3 Qg7 39. Rd1 Qd7 40. Rf2 Qg7 41. Rdf1 Re8 42. h5 h6 43. Kg2 Ra7 44. Rf4 Ba6 45. Rh1 Rf7 46. d5 cxd5 47. c6 Rc8 48. Rc1 Ra7 49. Rc5 Qf7 50. c7 Qxh5 51. Rb5 Raxc7 52. Bxc7 Bxb5 53. axb5 Rxc7 54. Rd4 Rc2+ 55. Qd2 Qh3+ 56. Kf2 Qh2+ 0-1

[Event "Cattolica op-B 8th"]
[Site "Cattolica"]
[Date "2021.05.28"]
[Round "2"]
[White "Danese, Aldo"]
[Black "Dallaglio, Giovanni"]
[Result "0-1"]
[WhiteElo "1644"]
[BlackElo "1741"]
[PlyCount "62"]
[EventDate "2021.05.27"]
[EventType "swiss"]
[EventRounds "7"]
[EventCountry "ITA"]
[SourceTitle "CBM 203 Extra"]
[Source "ChessBase"]
[SourceDate "2021.09.30"]
[SourceVersion "1"]
[SourceVersionDate "2021.09.30"]
[SourceQuality "1"]

1. Nf3 Nf6 2. b3 e6 3. Bb2 d5 4. e3 Be7 5. Be2 c5 6. 0-0 Nc6 7. d3 0-0 8. Nbd2 b6 9. c4 Bb7 10. Re1 Rc8 11. Rc1 Qc7 12. Nf1 Rfd8 13. Qc2 dxc4 14. bxc4 Nb4 15. Qb3 a5 16. Ba1 a4 17. Qb1 a3 18. Red1 Qb8 19. Ne1 Rd7 20. Bc3 Rcd8 21. Bxb4 cxb4 22. Nc2 Qa8 23. f3 Qa5 24. Nd4 Rxd4 25. exd4 Rxd4 26. Nd2 Qh5 27. Ne4 Nxe4 28. dxe4 Bd6 29. h3 e5 30. Bd3 Bc5 31. Kf1 Qh4 0-1

[Event "Mestre Sheraton op-B 1st"]
[Site "Mestre"]
[Date "2021.02.28"]
[Round "4"]
[White "Dallaglio, Giovanni"]
[Black "Lin, Boyuan"]
[Result "1-0"]
[WhiteElo "1772"]
[BlackElo "1323"]
[PlyCount "63"]
[EventDate "2021.02.26"]
[EventType "swiss"]
[EventRounds "5"]
[EventCountry "ITA"]
[SourceTitle "EXT 2023"]
[Source "ChessBase"]
[SourceDate "2022.10.05"]
[SourceVersion "1"]
[SourceVersionDate "2022.10.05"]
[SourceQuality "1"]

1. d4 Nf6 2. Nf3 g6 3. c4 Bg7 4. Nc3 d5 5. cxd5 Nxd5 6. e4 Nxc3 7. bxc3 c5 8. h3 Nc6 9. Be3 0-0 10. Be2 b6 11. 0-0 cxd4 12. cxd4 Bb7 13. d5 Nb4 14. Bd4 Bxd4 15. Nxd4 Qd6 16. Qd2 Na6 17. Rac1 Nc5 18. Qe3 Kg7 19. f4 Rfc8 20. Bf3 Ba6 21. e5 Qd8 22. Rfd1 Bb7 23. f5 Qe8 24. d6 Bxf3 25. Qxf3 exd6 26. f6+ Kg8 27. exd6 Qd7 28. Qf4 Ne6 29. Qh6 Rab8 30. Re1 Rb7 31. Nxe6 fxe6 32. f7+ 1-0

[Event "Mestre Sheraton op-B 1st"]
[Site "Mestre"]
[Date "2021.02.28"]
[Round "5"]
[White "Silini, Riccardo"]
[Black "Dallaglio, Giovanni"]
[Result "0-1"]
[WhiteElo "1585"]
[BlackElo "1772"]
[PlyCount "72"]
[EventDate "2021.02.26"]
[EventType "swiss"]
[EventRounds "5"]
[EventCountry "ITA"]
[SourceTitle "EXT 2023"]
[Source "ChessBase"]
[SourceDate "2022.10.05"]
[SourceVersion "1"]
[SourceVersionDate "2022.10.05"]
[SourceQuality "1"]

1. Nf3 Nf6 2. b3 d5 3. Bb2 e6 4. d4 c5 5. e3 Nc6 6. Be2 Bd6 7. 0-0 0-0 8. c4 Qe7 9. Nc3 a6 10. dxc5 Bxc5 11. cxd5 Rd8 12. Qc2 Nb4 13. Qb1 Nfxd5 14. Nxd5 Nxd5 15. Rd1 b5 16. a3 Bb7 17. b4 Bb6 18. Rd2 Rac8 19. Qd1 Nxe3 20. fxe3 Bxe3+ 21. Kf1 Bxf3 22. Bxf3 Rxd2 23. Qb3 Rcc2 24. Qxe3 Rxb2 25. Rc1 Qd7 26. Qc5 g6 27. Qb6 Qd3+ 28. Kg1 Qd4+ 29. Qxd4 Rxd4 30. h3 Rb3 31. Ra1 Rdd3 32. a4 Rxb4 33. axb5 axb5 34. Ra5 Rxf3 35. gxf3 Rb2 36. Kf1 h5 0-1

[Event "Treviso op-A 3rd"]
[Site "Treviso"]
[Date "2019.03.31"]
[Round "4.12"]
[White "Dallaglio, Giovanni"]
[Black "Feltrin, Francesco"]
[Result "1-0"]
[WhiteElo "1887"]
[BlackElo "1801"]
[PlyCount "44"]
[EventDate "2019.03.29"]
[EventType "swiss"]
[EventRounds "5"]
[EventCountry "ITA"]
[SourceTitle "EXT 2024"]
[Source "ChessBase"]
[SourceDate "2023.10.10"]
[SourceVersion "1"]
[SourceVersionDate "2023.10.10"]
[SourceQuality "1"]

1. d4 Nf6 2. Nf3 c5 3. c4 cxd4 4. Nxd4 e5 5. Nc2 d5 6. cxd5 Nxd5 7. e4 Qa5+ 8. Bd2 Nb4 9. a3 Nxc2+ 10. Qxc2 Qc5 11. Nc3 Nc6 12. Bb5 Be7 13. Be3 Qd6 14. Rd1 Qg6 15. Nd5 0-0 16. Bxc6 Qxg2 17. Nxe7+ Kh8 18. Kd2 bxc6 19. Kc1 Be6 20. Rhg1 Qf3 21. Rg3 Qf6 22. Bg5 Qg6 1-0

[Event "Chioggia op-B 13th"]
[Site "Chioggia"]
[Date "2018.09.28"]
[Round "1"]
[White "Luu, Marianna"]
[Black "Dallaglio, Giovanni"]
[Result "0-1"]
[WhiteElo "1610"]
[BlackElo "1850"]
[PlyCount "100"]
[EventDate "2018.09.28"]
[EventType "swiss"]
[EventRounds "5"]
[EventCountry "ITA"]
[SourceTitle "EXT 2022"]
[Source "ChessBase"]
[SourceDate "2021.10.06"]
[SourceVersion "1"]
[SourceVersionDate "2021.10.06"]
[SourceQuality "1"]

1. e4 d5 2. exd5 Qxd5 3. Nc3 Qd6 4. d4 Nf6 5. h3 a6 6. Nf3 Nbd7 7. Be3 b5 8. Bd3 Bb7 9. a3 e5 10. dxe5 Nxe5 11. Nxe5 Qxe5 12. 0-0 Bd6 13. g3 0-0-0 14. Bf4 Qc5 15. Bxd6 Rxd6 16. Qd2 Ne4 17. Qe3 Qxe3 18. fxe3 Nxc3 19. bxc3 f6 20. c4 bxc4 21. Bxc4 Re8 22. Rae1 Rc6 23. Bd3 g6 24. Rf4 f5 25. Kf2 Rb6 26. g4 Be4 27. gxf5 Bxd3 28. cxd3 gxf5 29. Rb4 Rd8 30. Rd1 Rd5 31. Ke2 Rxb4 32. axb4 Rb5 33. Ra1 Kb7 34. Ra5 Kb6 35. Rxb5+ Kxb5 36. e4 fxe4 37. dxe4 Kxb4 38. Kf3 Kc5 39. Kf4 Kd6 40. Kf5 Ke7 41. Ke5 a5 42. Kd4 a4 43. Kc4 Ke6 44. Kb4 Ke5 45. Kxa4 Kxe4 46. Kb5 Kf3 47. Kc6 Kg3 48. Kxc7 Kxh3 49. Kd6 Kg3 50. Ke5 h5 0-1

[Event "Treviso Lega op-A 2nd"]
[Site "Treviso"]
[Date "2018.03.03"]
[Round "2"]
[White "Dallaglio, Giovanni"]
[Black "Melino, Gianluca"]
[Result "1/2-1/2"]
[WhiteElo "1818"]
[BlackElo "1717"]
[PlyCount "88"]
[EventDate "2018.03.02"]
[EventType "swiss"]
[EventRounds "5"]
[EventCountry "ITA"]
[SourceTitle "EXT 2022"]
[Source "ChessBase"]
[SourceDate "2021.10.06"]
[SourceVersion "1"]
[SourceVersionDate "2021.10.06"]
[SourceQuality "1"]

1. d4 g6 2. Nf3 Bg7 3. c4 d6 4. e4 e5 5. d5 f5 6. Bg5 Nf6 7. Nc3 0-0 8. Qd2 f4 9. h4 h6 10. Bxf6 Bxf6 11. 0-0-0 Na6 12. Be2 Bg4 13. Ng5 Bxe2 14. Ne6 Qe8 15. Qxe2 Rf7 16. g4 Bg7 17. Rdg1 b6 18. f3 Nc5 19. Nxg7 Rxg7 20. Qc2 a6 21. a4 a5 22. b3 Na6 23. Kb2 Nb4 24. Qd2 Na6 25. Ne2 Rf7 26. Rh2 Nc5 27. Rgh1 Qd7 28. Ng1 Kg7 29. Nh3 Qe7 30. Nf2 Qd7 31. Qc2 Qe8 32. Rg2 Qd7 33. Rhg1 Rh8 34. g5 h5 35. Ng4 hxg4 36. Rxg4 Rh5 37. Qc3 Kf8 38. Kc2 Rfh7 39. Rh1 Rf7 40. Qd2 Nxe4 41. Qd3 Nf2 42. Qxg6 Rhh7 43. Rhg1 Nxg4 44. Rxg4 Qf5+ 1/2-1/2

[Event "Treviso Lega op-A 2nd"]
[Site "Treviso"]
[Date "2018.03.03"]
[Round "3"]
[White "Sforza, Michelangelo"]
[Black "Dallaglio, Giovanni"]
[Result "1-0"]
[WhiteElo "1745"]
[BlackElo "1818"]
[PlyCount "53"]
[EventDate "2018.03.02"]
[EventType "swiss"]
[EventRounds "5"]
[EventCountry "ITA"]
[SourceTitle "EXT 2022"]
[Source "ChessBase"]
[SourceDate "2021.10.06"]
[SourceVersion "1"]
[SourceVersionDate "2021.10.06"]
[SourceQuality "1"]

1. e4 e6 2. d4 d5 3. Nc3 dxe4 4. Nxe4 Nd7 5. Nf3 Ngf6 6. Bd3 b6 7. Qe2 Bb7 8. Bg5 Be7 9. Ng3 Nd5 10. Bd2 Nb4 11. Nh5 Nxd3+ 12. Qxd3 0-0 13. 0-0-0 Nf6 14. Ng5 g6 15. Nf4 Ng4 16. Qh3 Bxg5 17. Qxg4 Bh6 18. h4 Qxd4 19. h5 e5 20. hxg6 Bc8 21. gxf7+ Kxf7 22. Qh5+ Kg8 23. Qxh6 Qe4 24. Ne6 Bxe6 25. Qxe6+ Rf7 26. Rh3 Rd8 27. Rg3+ 1-0

[Event "Treviso Lega op-A 2nd"]
[Site "Treviso"]
[Date "2018.03.02"]
[Round "1"]
[White "Simonini, Mattia"]
[Black "Dallaglio, Giovanni"]
[Result "1-0"]
[WhiteElo "1952"]
[BlackElo "1818"]
[PlyCount "93"]
[EventDate "2018.03.02"]
[EventType "swiss"]
[EventRounds "5"]
[EventCountry "ITA"]
[SourceTitle "EXT 2022"]
[Source "ChessBase"]
[SourceDate "2021.10.06"]
[SourceVersion "1"]
[SourceVersionDate "2021.10.06"]
[SourceQuality "1"]

1. d4 d5 2. c4 e6 3. Nc3 Be7 4. Nf3 Nf6 5. Bg5 0-0 6. e3 b6 7. Bd3 Bb7 8. 0-0 Nbd7 9. Qe2 c5 10. Rfd1 Ne4 11. Bf4 Nxc3 12. bxc3 Nf6 13. Rac1 Rc8 14. Ne5 Bd6 15. Bg5 Be7 16. Bb1 g6 17. cxd5 Nxd5 18. Bh6 Re8 19. e4 Nf6 20. Nf3 Qc7 21. h4 Ng4 22. Bd2 Bxh4 23. g3 Be7 24. Bf4 Bd6 25. e5 Be7 26. Nd2 h5 27. f3 cxd4 28. fxg4 dxc3 29. Ne4 Bc5+ 30. Kh2 Bxe4 31. Bxe4 h4 32. gxh4 g5 33. hxg5 Kg7 34. Kg2 Rh8 35. Rxc3 Rcd8 36. Rcd3 Be7 37. Rxd8 Rxd8 38. Rxd8 Qxd8 39. Qd2 Qc7 40. Qc2 Bc5 41. g6 fxg6 42. Bxg6 Qd8 43. Bh5 Qd5+ 44. Kg3 Bf8 45. Qd2 Qc5 46. Qf2 Qc3+ 47. Qe3 1-0

[Event "Chioggia op-B 12th"]
[Site "Chioggia"]
[Date "2017.10.07"]
[Round "2"]
[White "Dallaglio, Giovanni"]
[Black "Magnabosco, Mauro Denis"]
[Result "1-0"]
[WhiteElo "1836"]
[BlackElo "1749"]
[PlyCount "91"]
[EventDate "2017.10.06"]
[EventType "swiss"]
[EventRounds "5"]
[EventCountry "ITA"]
[SourceTitle "EXT 2022"]
[Source "ChessBase"]
[SourceDate "2021.10.06"]
[SourceVersion "1"]
[SourceVersionDate "2021.10.06"]
[SourceQuality "1"]

1. d4 Nf6 2. Nf3 e6 3. c4 b6 4. Nc3 Bb4 5. Bd2 Bb7 6. g3 0-0 7. Bg2 d5 8. cxd5 exd5 9. 0-0 Nbd7 10. a3 Bxc3 11. Bxc3 Ne4 12. Nd2 Ndf6 13. f3 Nxc3 14. bxc3 Re8 15. Re1 Re3 16. Qc2 Qd7 17. Nf1 Re7 18. c4 c6 19. Rad1 Rc8 20. e4 Ba6 21. e5 Ne8 22. cxd5 cxd5 23. Qb2 Qe6 24. Rc1 Rec7 25. Ne3 g6 26. f4 Bb7 27. Bf3 Ng7 28. Rxc7 Rxc7 29. Qg2 Nf5 30. Nxd5 Bxd5 31. Bxd5 Qc8 32. e6 Nd6 33. exf7+ Nxf7 34. Qe4 Rc1 35. Rxc1 Qxc1+ 36. Kg2 Qxa3 37. Qe8+ Qf8 38. Bxf7+ Kg7 39. Qxf8+ Kxf8 40. Bc4 a5 41. Kf3 a4 42. Ke4 Ke7 43. Kd5 a3 44. Kc6 b5 45. Kxb5 Kd6 46. Kb4 1-0

[Event "Mogliano Veneto op-B 38th"]
[Site "Mogliano Veneto"]
[Date "2017.04.29"]
[Round "1.16"]
[White "Fiscato, Claudio"]
[Black "Dallaglio, Giovanni"]
[Result "0-1"]
[WhiteElo "1649"]
[BlackElo "1820"]
[PlyCount "75"]
[EventDate "2017.04.29"]
[EventType "swiss"]
[EventRounds "5"]
[EventCountry "ITA"]
[SourceTitle "EXT 2023"]
[Source "ChessBase"]
[SourceDate "2022.10.05"]
[SourceVersion "1"]
[SourceVersionDate "2022.10.05"]
[SourceQuality "1"]

1. c4 e6 2. g3 Nf6 3. Bg2 d5 4. Nf3 Be7 5. d4 0-0 6. Qc2 Na6 7. 0-0 b6 8. a3 c5 9. dxc5 Nxc5 10. e3 Bb7 11. Rd1 Rc8 12. Nc3 Qc7 13. cxd5 exd5 14. Bh3 Ne6 15. Qe2 Rfd8 16. Bd2 Qc4 17. Rac1 Ne4 18. Qxc4 Rxc4 19. Be1 N6c5 20. Ne5 Nxc3 21. Bxc3 Nb3 22. Rb1 Rc7 23. Nf3 Nc5 24. Nd4 Ne4 25. Be1 a6 26. Rbc1 Rc5 27. Rxc5 bxc5 28. Nb3 Bc6 29. Bg2 Ba4 30. Bxe4 Bxb3 31. Rd3 Bc2 32. Rxd5 Bxe4 33. Re5 Rd1 34. Kf1 Bd3+ 35. Kg2 Rxe1 36. Rxe7 Kf8 37. Rc7 c4 38. Rb7 0-1

[Event "Caldaro Puntay op-B 1st"]
[Site "Caldaro"]
[Date "2016.10.23"]
[Round "4"]
[White "Perino, Alberto"]
[Black "Dallaglio, Giovanni"]
[Result "1-0"]
[WhiteElo "1803"]
[BlackElo "1844"]
[PlyCount "95"]
[EventDate "2016.10.21"]
[EventType "swiss"]
[EventRounds "5"]
[EventCountry "ITA"]
[SourceTitle "EXT 2018"]
[Source "ChessBase"]
[SourceDate "2017.10.13"]
[SourceVersion "1"]
[SourceVersionDate "2017.10.13"]
[SourceQuality "1"]

1. e4 e6 2. d4 d5 3. exd5 exd5 4. Nc3 Nf6 5. Bg5 Be7 6. Qd2 Bf5 7. 0-0-0 0-0 8. f3 h6 9. Be3 c6 10. g4 Bg6 11. h4 h5 12. g5 Ne8 13. Nh3 Nd6 14. f4 Nf5 15. Bd3 b5 16. Ne2 Nd7 17. Bf2 Nb6 18. Ng3 Nc4 19. Qe2 Nxg3 20. Bxg3 Bd6 21. Bxg6 fxg6 22. Qe6+ Kh7 23. Qe2 Qa5 24. Kb1 Rae8 25. Qf1 Ba3 26. Be1 b4 27. b3 Bb2 28. bxc4 Rxe1 29. Qxe1 Bc3 30. Qe3 Rb8 31. cxd5 cxd5 32. Nf2 Rb6 33. Rd3 Ra6 34. Rxc3 bxc3 35. Kc1 Qa3+ 36. Kd1 Qb2 37. Nd3 Qb1+ 38. Nc1 Rxa2 39. Qxc3 Ra1 40. Qd2 Qb5 41. f5 gxf5 42. g6+ Kg8 43. Re1 Ra6 44. Qg5 Qd7 45. Qxh5 Re6 46. Qh7+ Kf8 47. Qh8+ Ke7 48. Qxg7+ 1-0

[Event "Caldaro Puntay op-B 1st"]
[Site "Caldaro"]
[Date "2016.10.22"]
[Round "3"]
[White "Sparber, Werner"]
[Black "Dallaglio, Giovanni"]
[Result "1/2-1/2"]
[WhiteElo "1777"]
[BlackElo "1844"]
[PlyCount "115"]
[EventDate "2016.10.21"]
[EventType "swiss"]
[EventRounds "5"]
[EventCountry "ITA"]
[SourceTitle "EXT 2018"]
[Source "ChessBase"]
[SourceDate "2017.10.13"]
[SourceVersion "1"]
[SourceVersionDate "2017.10.13"]
[SourceQuality "1"]

1. d4 d5 2. c4 dxc4 3. Nc3 Nf6 4. e3 e6 5. Bxc4 a6 6. Nf3 b5 7. Bd3 c5 8. 0-0 Bb7 9. a3 Nc6 10. dxc5 Bxc5 11. b4 Be7 12. Bb2 0-0 13. Qe2 Qb6 14. Rfd1 h6 15. Rac1 Rfd8 16. h3 Rd7 17. Ne4 Nxe4 18. Bxe4 Rxd1+ 19. Rxd1 Rd8 20. Bb1 Rxd1+ 21. Qxd1 Qd8 22. Qxd8+ Bxd8 23. Be4 Na5 24. Bxb7 Nxb7 25. Kf1 Nd6 26. Nd2 Bb6 27. Be5 Nb7 28. Ne4 f6 29. Bd4 Bc7 30. Nc5 Nxc5 31. bxc5 e5 32. Bc3 Kf7 33. e4 Ke6 34. Ke2 Kd7 35. Kf3 g6 36. Bd2 h5 37. g4 hxg4+ 38. Kxg4 Ke6 39. h4 Bd8 40. h5 f5+ 41. exf5+ gxf5+ 42. Kf3 Kd5 43. h6 Kxc5 44. Bb4+ Kc4 45. Bf8 Bg5 46. Bg7 Bxh6 47. Bxh6 a5 48. Bg7 Kb3 49. Bxe5 Kxa3 50. Kf4 b4 51. Kxf5 b3 52. f4 b2 53. Bxb2+ Kxb2 54. Ke6 a4 55. f5 a3 56. f6 a2 57. f7 a1Q 58. f8Q 1/2-1/2

[Event "Trentino Province-ch"]
[Site "Aldeno"]
[Date "2015.01.23"]
[Round "1"]
[White "Dallaglio, Giovanni"]
[Black "Comai, Samuele"]
[Result "0-1"]
[WhiteElo "1953"]
[BlackElo "1636"]
[PlyCount "94"]
[EventDate "2015.01.23"]
[EventType "swiss"]
[EventRounds "5"]
[EventCountry "ITA"]
[SourceTitle "EXT 2019"]
[Source "ChessBase"]
[SourceDate "2018.10.10"]
[SourceVersion "1"]
[SourceVersionDate "2018.10.10"]
[SourceQuality "1"]

1. d4 Nf6 2. Nf3 c5 3. e3 cxd4 4. exd4 d6 5. c4 g6 6. Nc3 Bg7 7. Be2 0-0 8. 0-0 b6 9. b3 Bb7 10. Bb2 Nbd7 11. Qd2 d5 12. Rfd1 Qc7 13. cxd5 Nxd5 14. Nxd5 Bxd5 15. Rac1 Qd6 16. Ne5 Rfd8 17. f4 Bb7 18. Qe3 Nf6 19. Bf3 Nd5 20. Qd2 Bh6 21. g3 Nxf4 22. gxf4 Bxf3 23. Nxf3 Bxf4 24. Qe2 Bxc1 25. Rxc1 Qf4 26. Rf1 Qg4+ 27. Kh1 e6 28. Qe3 Qh3 29. Qf2 Rd5 30. Ne5 Qf5 31. Qg2 Qh5 32. Nxf7 Rf8 33. Ne5 Rf5 34. Rxf5 Qxf5 35. Qe2 Ra5 36. a4 Rd5 37. Nc6 Qb1+ 38. Kg2 Rg5+ 39. Kf2 Qg1+ 40. Kf3 Qh1+ 41. Kf4 Rf5+ 42. Kg3 Qxc6 43. h4 Qd6+ 44. Kg2 Qd5+ 45. Kg3 Qxb3+ 46. Kh2 Rf3 47. Qg2 Qe3 0-1

[Event "Ortisei Server24 op-B 2nd"]
[Site "Ortisei"]
[Date "2013.06.03"]
[Round "3"]
[White "Girelli, Sergio"]
[Black "Dallaglio, Giovanni"]
[Result "1/2-1/2"]
[WhiteElo "1901"]
[BlackElo "1999"]
[PlyCount "91"]
[EventDate "2013.06.01"]
[EventType "swiss"]
[EventRounds "9"]
[EventCountry "ITA"]
[SourceTitle "EXT 2024"]
[Source "ChessBase"]
[SourceDate "2023.10.10"]
[SourceVersion "1"]
[SourceVersionDate "2023.10.10"]
[SourceQuality "1"]

1. e4 e6 2. d4 d5 3. Nc3 dxe4 4. Nxe4 Nd7 5. Nf3 Ngf6 6. Bg5 Be7 7. Nxf6+ Nxf6 8. Bd3 c5 9. 0-0 cxd4 10. Bb5+ Bd7 11. Bxd7+ Qxd7 12. Qxd4 Qxd4 13. Nxd4 0-0 14. Rad1 Rfd8 15. Nf3 h6 16. Bh4 Kf8 17. Rfe1 Nd5 18. Bxe7+ Kxe7 19. c3 Rac8 20. Rd2 a5 21. Red1 Nb6 22. Rxd8 Rxd8 23. Rxd8 Kxd8 24. b3 Nd5 25. c4 Nb4 26. a3 Nc2 27. a4 Na1 28. Nd4 Kd7 29. Kf1 f6 30. Ke2 e5 31. Nf5 Nxb3 32. Nxg7 Nc5 33. Nf5 Nxa4 34. Nxh6 Nb2 35. Ng4 Ke6 36. Ne3 f5 37. g3 f4 38. gxf4 exf4 39. Nd5 Ke5 40. Nb6 f3+ 41. Kxf3 a4 42. Nxa4 Nxa4 43. Ke3 b6 44. f4+ Kf5 45. Kd4 Kxf4 46. Kd5 1/2-1/2

[Event "Crema op 13th"]
[Site "Crema"]
[Date "2011.09.02"]
[Round "2"]
[White "Dallaglio, Giovanni"]
[Black "Ljubisavljevic, Zivojin Z"]
[Result "0-1"]
[WhiteElo "1969"]
[BlackElo "2221"]
[PlyCount "94"]
[EventDate "2011.09.02"]
[EventType "swiss"]
[EventRounds "6"]
[EventCountry "ITA"]
[SourceTitle "EXT 2022"]
[Source "ChessBase"]
[SourceDate "2021.10.06"]
[SourceVersion "1"]
[SourceVersionDate "2021.10.06"]
[SourceQuality "1"]

1. d4 Nf6 2. Nf3 e6 3. c4 c5 4. e3 cxd4 5. exd4 d5 6. Nc3 dxc4 7. Bxc4 Nc6 8. 0-0 a6 9. Re1 Be7 10. a3 0-0 11. Bg5 b5 12. Ba2 b4 13. axb4 Nxb4 14. Bc4 Bb7 15. Ne5 Kh8 16. Qd2 a5 17. Re3 Qc7 18. Rh3 Rad8 19. Qf4 Kg8 20. Qh4 Rfe8 21. Bb5 Bc6 22. Bxc6 Nxc6 23. Nxc6 Qxc6 24. Rxa5 Qb6 25. Rb5 Qxd4 26. Qxd4 Rxd4 27. Bxf6 Bxf6 28. Re3 Rd2 29. Kf1 h6 30. Re2 Rd7 31. g3 Rc8 32. Ne4 Be7 33. Rd2 Rdc7 34. b3 Ra8 35. Ke2 f5 36. Nd6 Bg5 37. f4 Bf6 38. Nc4 g5 39. Rb6 Kf7 40. Rbd6 Kg6 41. Rb6 Kf7 42. Nd6+ Kg6 43. Nb5 Re7 44. Rdd6 Ra2+ 45. Rd2 Ra1 46. Kf2 Rb1 47. Nd4 Rb2 0-1

[Event "Cattolica op"]
[Site "Cattolica"]
[Date "2005.06.13"]
[Round "3"]
[White "Brancaleoni, Maurizio"]
[Black "Dallaglio, Giovanni"]
[Result "1-0"]
[WhiteElo "2296"]
[BlackElo "2038"]
[PlyCount "95"]
[EventDate "2005.06.11"]
[EventType "swiss"]
[EventRounds "9"]
[EventCountry "ITA"]
[SourceTitle "EXT 2007"]
[Source "ChessBase"]
[SourceDate "2006.11.23"]
[SourceVersion "1"]
[SourceVersionDate "2006.11.23"]
[SourceQuality "1"]

1. d4 d5 2. Bg5 Nd7 3. e3 Ngf6 4. Nf3 e6 5. c4 Be7 6. Nc3 0-0 7. Qc2 c5 8. cxd5 Nxd5 9. Bxe7 Qxe7 10. Nxd5 exd5 11. Bd3 g6 12. dxc5 Nxc5 13. 0-0 Be6 14. Qc3 Nxd3 15. Qxd3 Rac8 16. Rfc1 Rc5 17. Rxc5 Qxc5 18. Qd4 Rc8 19. Qxc5 Rxc5 20. Nd4 a5 21. Kf1 Kf8 22. Ke2 Ke7 23. h4 h5 24. Kf3 f6 25. Kf4 b5 26. f3 Bd7 27. Rd1 a4 28. g4 b4 29. Rg1 Kf7 30. Rd1 Ke7 31. Kg3 Be6 32. gxh5 gxh5 33. Kf2 Bd7 34. Ke2 Kf7 35. Kd2 Ke7 36. Rg1 Kf7 37. Rc1 Rxc1 38. Kxc1 Ke7 39. Nc2 b3 40. axb3 axb3 41. Nd4 Ba4 42. Kd2 Kd6 43. Nf5+ Ke5 44. Ng7 f5 45. Nxh5 d4 46. f4+ Ke4 47. exd4 Kxd4 48. Nf6 1-0

[Event "Gorgonzola op 9th"]
[Site "Gorgonzola"]
[Date "2004.11.14"]
[Round "3"]
[White "Massironi, Marco"]
[Black "Dallaglio, Giovanni"]
[Result "1-0"]
[WhiteElo "2108"]
[BlackElo "2051"]
[PlyCount "82"]
[EventDate "2004.11.13"]
[EventType "swiss"]
[EventRounds "6"]
[EventCountry "ITA"]
[SourceTitle "EXT 2007"]
[Source "ChessBase"]
[SourceDate "2006.11.23"]
[SourceVersion "1"]
[SourceVersionDate "2006.11.23"]
[SourceQuality "1"]

1. e4 d5 2. exd5 Qxd5 3. Nc3 Qa5 4. d4 Nf6 5. Nf3 c6 6. Ne5 Be6 7. Bd2 Qb6 8. Bc1 Nbd7 9. Nxd7 Bxd7 10. Bc4 Bf5 11. 0-0 Rd8 12. Ne2 e6 13. c3 Be7 14. Re1 0-0 15. Ng3 Bg6 16. f4 Rd7 17. Kh1 h6 18. Qf3 c5 19. dxc5 Bxc5 20. Rf1 a5 21. f5 exf5 22. Nxf5 Rfd8 23. b4 axb4 24. cxb4 Bd4 25. Rb1 Bxf5 26. Qxf5 Qc6 27. Bb5 Qe4 28. Bxd7 Rxd7 29. Bd2 Rd5 30. Qxe4 Nxe4 31. Be1 h5 32. Rd1 h4 33. Bf2 Nxf2+ 34. Rxf2 Re5 35. Rf4 Bc3 36. Rxh4 g5 37. Rc4 Bd2 38. h4 Bf4 39. hxg5 Bxg5 40. Rc5 Rxc5 41. bxc5 Be3 1-0

[Event "Gorgonzola op 9th"]
[Site "Gorgonzola"]
[Date "2004.11.13"]
[Round "1"]
[White "Astengo, Corrado"]
[Black "Dallaglio, Giovanni"]
[Result "1-0"]
[WhiteElo "2134"]
[BlackElo "2051"]
[PlyCount "65"]
[EventDate "2004.11.13"]
[EventType "swiss"]
[EventRounds "6"]
[EventCountry "ITA"]
[SourceTitle "EXT 2007"]
[Source "ChessBase"]
[SourceDate "2006.11.23"]
[SourceVersion "1"]
[SourceVersionDate "2006.11.23"]
[SourceQuality "1"]

1. e4 c6 2. d4 d5 3. Nd2 dxe4 4. Nxe4 Nd7 5. Bc4 Ngf6 6. Ng5 e6 7. Qe2 Nb6 8. Bb3 h6 9. N5f3 c5 10. dxc5 Nbd7 11. c6 bxc6 12. Nd4 Bb7 13. Ngf3 Bd6 14. 0-0 Qe7 15. Re1 0-0 16. Nf5 exf5 17. Qxe7 Bxe7 18. Rxe7 Rae8 19. Rxe8 Rxe8 20. Be3 c5 21. Rd1 Bc6 22. Rd6 Rc8 23. Nh4 Kf8 24. Nxf5 Ng4 25. h3 Nxe3 26. Nxe3 g6 27. Nc4 Ke7 28. Rd1 Rc7 29. Re1+ Kf6 30. Nd6 Nb6 31. c3 Ba4 32. Bxa4 Nxa4 33. Ne8+ 1-0